Determinación de alcoholes superiores en la fermentación alcohólica de miel de caña de azúcar

La presente monografía pretende determinar el comportamiento de la formación de los principales componentes del aceite de fusel en función del tiempo de fermentación. Esta determinación ha sido hecha para la obtención de etanol por fermentación de mieles de caña de azúcar.

Bibliographic Details
Main Author: Guzmán Botran, Jorge Venancio
Other Authors: Tutor: Espinoza Smith, Rodolfo
Format: Tesis Section = Libro
Language:Undetermined
Spanish
Published: Guatemala USAC-G 1978
Subjects:
LEADER 01023nam a2200229Ia 4500
008 240830s9999 xx 000 0 und d
040 |a BIBLIOTECA-RUSB/ Mon 663.13 G993 
041 |a spa 
082 |a Mon 663.13 G993 
100 1 |a Guzmán Botran, Jorge Venancio 
245 1 0 |a Determinación de alcoholes superiores en la fermentación alcohólica de miel de caña de azúcar 
260 |a Guatemala  |b USAC-G  |c 1978 
300 |a 29 p. :il. 
502 |a Tesis (Ingeniero Químico) - USAC-G, 1978. 
520 3 |a La presente monografía pretende determinar el comportamiento de la formación de los principales componentes del aceite de fusel en función del tiempo de fermentación. Esta determinación ha sido hecha para la obtención de etanol por fermentación de mieles de caña de azúcar. 
650 7 |a BEBIDAS ALCOHOLICAS - FERMENTACION 
650 7 |b  QUIMICA INDUSTRIAL 
650 7 |c  INDUSTRIAS QUIMICAS 
700 1 |a Tutor:  |b Espinoza Smith, Rodolfo 
942 |c BK  |2 ddc 
991 |a TESIS 
999 |c 20683